An analysis of factors affecting the success of road projects in Zambia: a case study of Copperbelt roads projects (Record no. 84015)

MARC details
000 -LEADER
fixed length control field 00885 a2200253 4500
003 - CONTROL NUMBER IDENTIFIER
control field CBULib
005 - DATE AND TIME OF LATEST TRANSACTION
control field 20240117110440.0
008 - FIXED-LENGTH DATA ELEMENTS--GENERAL INFORMATION
fixed length control field 240117b |||||||| |||| 00| 0 eng d
040 ## - CATALOGING SOURCE
Language of cataloging English
Transcribing agency CBULib
Description conventions rda
041 ## - LANGUAGE CODE
Language code of text/sound track or separate title eng
050 ## - LIBRARY OF CONGRESS CALL NUMBER
Classification number CBU-PG THESIS/KAB
100 ## - MAIN ENTRY--PERSONAL NAME
Personal name Kabwe, Musonda
9 (RLIN) 1703
245 ## - TITLE STATEMENT
Title An analysis of factors affecting the success of road projects in Zambia: a case study of Copperbelt roads projects
Statement of responsibility, etc / by Musonda Kabwe
260 ## - PUBLICATION, DISTRIBUTION, ETC. (IMPRINT)
Name of publisher, distributor, etc Copperbelt University,
Date of publication, distribution, etc 2021
Place of publication, distribution, etc Kitwe :
300 ## - PHYSICAL DESCRIPTION
Extent vii, 101 pages : colour illustrations
336 ## - CONTENT TYPE
Source rdacontent
Content type term Text |
Content type code txt
337 ## - MEDIA TYPE
Source rdamedia
Media type term Unmediated |
Media type code n
338 ## - CARRIER TYPE
Source rdacarrier
Carrier type term Volume
Carrier type code nc
500 ## - GENERAL NOTE
General note Includes bibliographical references and appendix
650 #0 - SUBJECT ADDED ENTRY--TOPICAL TERM
9 (RLIN) 1704
Topical term or geographic name as entry element ROAD PROJECTS
650 #0 - SUBJECT ADDED ENTRY--TOPICAL TERM
9 (RLIN) 1699
Topical term or geographic name as entry element ROAD TRANSPORT AND SAFETY
650 #0 - SUBJECT ADDED ENTRY--TOPICAL TERM
9 (RLIN) 1705
Topical term or geographic name as entry element COPPERBELT ROAD PROJECTS
942 ## - ADDED ENTRY ELEMENTS (KOHA)
Source of classification or shelving scheme
Koha item type UNIVERSITY COLLECTION
Holdings
Withdrawn status Lost status Source of classification or shelving scheme Damaged status Not for loan Collection code Permanent Location Current Location Shelving location Date acquired Source of acquisition Total Checkouts Full call number Barcode Date last seen Copy number Price effective from Koha item type
          Special Collections CBU-MAIN LIBRARY, KITWE. CBU-MAIN LIBRARY, KITWE. Special Collections 01/17/2024 DEP-CBU   CBU-PG THESIS/KAB B84015 01/17/2024 1 01/17/2024 UNIVERSITY COLLECTION